000
00328nam a22001457a 4500
008
210303b ||||| |||| 00| 0 eng d
020
_a
057080550400159500000010
041
_a
eng
080
_a
37
082
_a
37
100
_a
46
101
_a
EDU
245
_a
Creating Community Anywhere
_c
Shaffer, C.R
942
_2
udc
_c
BK
999
_c
55635
_d
55635